Thirtieth Report Of The Appointments Committee On His Excellency, The President's Nominations For Appointment As Ministers, Ministers Of State And Deputy Minister 2023 (Record no. 3067)

MARC details
000 -LEADER
fixed length control field 00619nam a2200145Ia 4500
008 - FIXED-LENGTH DATA ELEMENTS--GENERAL INFORMATION
fixed length control field 240429s9999||||xx |||||||||||||| ||und||
041 ## - LANGUAGE CODE
Language code of text/sound track or separate title eng
082 ## - DEWEY DECIMAL CLASSIFICATION NUMBER
Classification number CR/TRAC/23
100 ## - MAIN ENTRY--PERSONAL NAME
Personal name Parliament of Ghana
245 #0 - TITLE STATEMENT
Title Thirtieth Report Of The Appointments Committee On His Excellency, The President's Nominations For Appointment As Ministers, Ministers Of State And Deputy Minister 2023
300 ## - PHYSICAL DESCRIPTION
Extent 63p
650 ## - SUBJECT ADDED ENTRY--TOPICAL TERM
Topical term or geographic name entry element Thirtieth Report Of The Appointments Committee On His Excellency, The President's - Nominations For Appointment As Ministers, Ministers Of State And Deputy Minister 2023
942 ## - ADDED ENTRY ELEMENTS (KOHA)
Koha item type Committee Reports
Holdings
Withdrawn status Lost status Damaged status Not for loan Home library Current library Shelving location Date acquired Total checkouts Full call number Date last seen Copy number Price effective from Koha item type
        Main Library Main Library Open Shelves 19/05/2023   CR/TRAC/23 5948 C1 - CR/TRAC/23 5949 C2 29/04/2024 1 29/04/2024 Committee Reports
©2026  Parliament of Ghana Library - All rights reserved